Najwyższe przegrane państw AFC - Statystyki

Ogólne statystyki
  • Ten quiz został rozwiązany 29 razy
  • Średni wynik to 17 z 46
Statystyki odpowiedzi
Przegrany Wynik Wygrany % Poprawnych
Filipiny 0:15 Japonia
70%
Makau 0:10 Japonia
70%
Malezja 0:13 Japonia
70%
Mjanma 0:10 Japonia
70%
Uzbekistan 1:8 Japonia
70%
Chiny 0:8 Brazylia
65%
Zjednoczone Emiraty Arabskie 0:8 Brazylia
65%
Bangladesz 0:9 Korea Południowa
60%
Nepal 0:16 Korea Południowa
60%
Tajlandia 0:9 Wielka Brytania
55%
Timor Wschodni 0:10 Arabia Saudyjska
50%
Hongkong 0:7 Chiny
50%
Jordania 0:6 Liban | Chiny
50%
Kambodża 0:14 Iran
45%
Kirgistan 0:7 Iran
45%
Malediwy 0:17 Iran
45%
Tadżykistan 0:9 Iran
45%
Kuwejt 0:8 Egipt | Portugalia
40%
Syria 0:8 Grecja | Egipt
40%
Arabia Saudyjska 0:13 Egipt
35%
Laos 0:15 Egipt
35%
Palestyna 1:8 Egipt
35%
Tajwan 0:11 Indonezja
35%
Guam 0:21 Korea Północna
35%
Japonia 2:15 Filipiny
30%
Bahrajn 1:10 Irak
30%
Pakistan 0:12 Meksyk
30%
Korea Północna 0:7 Portugalia
30%
Korea Południowa 0:12 Szwecja
30%
Irak 1:7 Turcja
30%
Iran 1:6 Turcja
30%
Mongolia 0:15 Uzbekistan
30%
Liban 0:8 Katar
20%
Bhutan 0:20 Kuwejt
20%
Katar 0:9 Kuwejt
20%
Turkmenistan 1:6 Kuwejt
20%
Brunei 0:12 Zjednoczone Emiraty Arabskie
20%
Indie 1:11 ZSRR
20%
Singapur 0:9 Mjanma
15%
Australia 0:8 Republika Południowej Afryki
15%
Indonezja 0:10 Bahrajn
10%
Afganistan 0:11 Turkmenistan
10%
Jemen 1:16 Libia
0%
Oman 0:21 Libia
0%
Sri Lanka 1:12 NRD
0%
Wietnam 0:6 Zimbabwe
0%
Nie znaleziono quizów pasujących do podanych kryteriów
Rozkład punktacji
Procent ludzi z każdym wynikiem
Percentyl według liczby udzielonych odpowiedzi
Twoja historia wyników
Nie rozwiązałeś tego quizu